[Event "44th Rubinstein Mem Open A"]
[Site "Polanica Zdroj POL"]
[Date "2008.08.23"]
[Round "5"]
[White "Skrzypczak,A"]
[Black "Lukasiewicz,An"]
[Result "1-0"]
[WhiteElo "1977"]
[BlackElo "2129"]

1.e4 c5 2.Nf3 Nc6 3.Bb5 e6 4.O-O Nge7 5.c3 a6 6.Be2 d5 7.exd5 Nxd5 8.d4 Be7
9.c4 Nf6 10.Be3 O-O 11.Nc3 cxd4 12.Nxd4 Bd7 13.Nb3 Ne5 14.f4 Ng6 15.Kh1 Qc7
16.Qe1 Bc6 17.Nd4 Be4 18.Nxe4 Nxe4 19.Bf3 Nd6 20.Rc1 Bf6 21.c5 Nb5 22.Nb3 Bxb2
23.Rc2 Bf6 24.a4 Na7 25.Na5 Nc6 26.Nxc6 bxc6 27.g4 Rab8 28.g5 Be7 29.Rc4 Rb2
30.Bc1 Ra2 31.Qe4 Qb7 32.Rb4 Qa7 33.Rb6 Bxc5 34.Rxc6 Be7 35.Be2 a5 36.Qc4 Qd7
37.Rd1 Qb7 38.Bf3 Ra1 39.Qc3 Rxa4 40.Bb2 f6 41.Rxe6 Qa7 42.Rxe7 Qxe7 43.Qb3+ Kh8
44.gxf6 gxf6 45.Qxa4 Qe3 46.Qe4 Qxf4 47.Qxf4 Nxf4 48.Rd7 Ng6 49.Be4 Kg8 50.Kg2 a4
51.Bc6 Rb8 52.Bxf6 a3 53.Ra7 Rb6 54.Bd5+ Kf8 55.Ra8+  1-0

[Event "44th Rubinstein Mem Open A"]
[Site "Polanica Zdroj POL"]
[Date "2008.08.23"]
[Round "5"]
[White "Szczepkowska Horowska,K"]
[Black "Heberla,B"]
[Result "0-1"]
[WhiteElo "2285"]
[BlackElo "2510"]

1.e4 c5 2.Nf3 Nc6 3.Bb5 e6 4.O-O Nge7 5.c3 a6 6.Ba4 b5 7.Bc2 Bb7 8.Re1 c4
9.b3 Ng6 10.bxc4 bxc4 11.Na3 Nce5 12.Nxe5 Nxe5 13.Qe2 Qc7 14.Rb1 Bc5 15.Kh1 Bc6
16.Rf1 d5 17.exd5 Bxd5 18.Ba4+ Ke7 19.Qh5 f6 20.Nc2 Qa5 21.Nb4 Qxa4 22.Nxd5+ exd5
23.f4 Nd7 24.Qxd5 Rhb8 25.Qe4+ Kf8 26.Rxb8+ Rxb8 27.d4 Bd6 28.Qxh7 Qb5 29.f5 Kf7
30.Re1 Bf8 31.h4 Qd5 32.h5 Rb5 33.Rf1 Qe4 34.Qg6+ Kg8 35.h6 Rb1 36.Qg3 g5
37.fxg6 Bxh6 38.Bxh6 Rxf1+ 39.Kh2 Qe1  0-1

[Event "Liga Nacional Ajedrez"]
[Site "Villa Martelli ARG"]
[Date "2008.08.23"]
[Round "3"]
[White "Valerga,D"]
[Black "Radoszta,A"]
[Result "1-0"]
[WhiteElo "2502"]
[BlackElo "2107"]

1.e4 c5 2.Nf3 Nc6 3.Bb5 g6 4.Bxc6 dxc6 5.h3 Bg7 6.d3 Qc7 7.Nc3 Nf6 8.Be3 O-O
9.Bxc5 Bh6 10.O-O Nh5 11.Ne2 f6 12.Be3 Bxe3 13.fxe3 Qb6 14.Qc1 e5 15.a4 a5
16.Qd2 Be6 17.b3 Rae8 18.Rf2 Bc8 19.Raf1 Qb4 20.g4 Ng7 21.Ng3 b6 22.Qxb4 axb4
23.Nd2 Re6 24.g5 Ne8 25.Nc4 b5 26.Nb6 Nc7 27.a5 Ree8 28.Nxc8 Rxc8 29.Rxf6 Na6
30.d4 Nb8 31.dxe5 Nd7 32.e6 Nxf6 33.gxf6 Kh8 34.e7 Rfe8 35.f7 Rxe7 36.f8=Q+  1-0

[Event "ch-SLO w"]
[Site "Ljubljana SLO"]
[Date "2008.08.24"]
[Round "9"]
[White "Nadvesnik,V"]
[Black "Kaps,D"]
[Result "0-1"]
[WhiteElo "1939"]
[BlackElo "2287"]

1.e4 c5 2.Nf3 Nc6 3.Bb5 e6 4.O-O Nge7 5.Nc3 a6 6.Bxc6 Nxc6 7.d4 cxd4 8.Nxd4 Qc7
9.Nxc6 bxc6 10.Qg4 Qe5 11.Bf4 h5 12.Qf3 Qf6 13.e5 Qf5 14.Qe4 Be7 15.Rad1 g5
16.Bc1 Rb8 17.Rd4 f6 18.Qxf5 exf5 19.Re1 Kf7 20.Rd3 fxe5 21.Rxe5 d5 22.Nd1 f4
23.h4 Bf6 24.Re2 Bf5 25.Ra3 Rbe8 26.Kf1 Rxe2 27.Kxe2 Re8+ 28.Kd2 gxh4 29.Rxa6 f3
30.gxf3 h3 31.Ne3 Rxe3  0-1

[Event "8th Open"]
[Site "Velika Gorica CRO"]
[Date "2008.08.24"]
[Round "2"]
[White "Ognjacevic,A"]
[Black "Havas,L"]
[Result "1/2-1/2"]
[WhiteElo "2083"]
[BlackElo "2290"]

1.e4 c5 2.Nf3 Nc6 3.Bb5 e6 4.O-O Nge7 5.c3 d5 6.d3 a6 7.Ba4 b5 8.Bc2 Ng6
9.exd5 Qxd5 10.Qe2 Bb7 11.d4 cxd4 12.Be4 d3 13.Qe3 Qc5 14.Nd4 Nd8 15.Bxb7 Nxb7
16.Qe4 O-O-O 17.a4 Qd5 18.Qxd5 Rxd5 19.axb5 axb5 20.Ra8+ Kc7 21.f4 Bc5 22.Rxh8 Nxh8
23.Be3 Kd7 24.Nd2 f6 25.Re1 e5 26.fxe5 fxe5 27.Nf5 Bf8 28.Bb6 g6 29.Ng3 Nf7
30.Nge4 Ke6 31.Rf1 Be7 32.b3 Rd7 33.c4 bxc4 34.bxc4 Nfd8 35.Nb3 Nc6 36.Bc5 Bd8
37.Be3 Be7 38.Bc5 Bd8 39.Be3 Be7  1/2-1/2

[Event "8th Open"]
[Site "Velika Gorica CRO"]
[Date "2008.08.25"]
[Round "4"]
[White "Rosandic,D"]
[Black "Havas,Ju"]
[Result "1-0"]
[WhiteElo "2269"]
[BlackElo "1926"]

1.e4 c5 2.Nf3 Nc6 3.Bb5 e6 4.Bxc6 bxc6 5.d3 d5 6.c4 Ne7 7.Qe2 Ng6 8.h4 dxc4
9.dxc4 e5 10.g3 Bd6 11.Bd2 O-O 12.h5 Ne7 13.Bc3 Qc7 14.Nbd2 Re8 15.Nh4 f5
16.exf5 Nxf5 17.Nxf5 Bxf5 18.Ne4 Bf8 19.g4 Bxe4 20.Qxe4 Rad8 21.Rd1 Rxd1+
22.Kxd1 Bd6 23.Rh3 Rf8 24.Rf3 Rxf3 25.Qxf3 Qd7 26.Kc2 Bc7 27.Qe4 Qe6 28.f4 Qxg4
29.Qxc6 Qe2+ 30.Kb3 Qd1+ 31.Ka3 Qd6 32.Qe8+ Qf8 33.Qe6+ Kh8 34.fxe5 h6 35.Qd7 Qd8
36.e6 Qxd7 37.exd7 Kh7 38.Ka4  1-0

[Event "16th Nikea Open"]
[Site "Athens GRE"]
[Date "2008.08.26"]
[Round "2"]
[White "Papadopoulos,A"]
[Black "Kostas,P"]
[Result "1-0"]
[WhiteElo "2091"]
[BlackElo "1895"]

1.e4 c5 2.Nf3 Nc6 3.Bb5 g6 4.O-O Bg7 5.c3 Nf6 6.Re1 O-O 7.d4 d5 8.exd5 Qxd5
9.Bxc6 Qxc6 10.Rxe7 Be6 11.Ne5 Qc8 12.c4 cxd4 13.Na3 Qc5 14.Rxe6 fxe6 15.Qe2 Rad8
16.Nd3 Qf5 17.f3 Nd7 18.Nc2 e5 19.Nce1 Rde8 20.Nf2 Nf6 21.Ne4 Nxe4 22.fxe4 Qe6
23.b3 Qc6 24.Bg5 Rf7 25.Nd3 Bf8 26.a4 a6 27.Rc1 Ba3 28.Ra1 Qd6 29.Bd2 b5
30.cxb5 axb5 31.b4 bxa4 32.Rxa3 Qa6 33.Qd1 Ref8 34.h3 Qc4 35.Qxa4 Rf1+ 36.Kh2 Rc8
37.Bh6 Qc2 38.Qxc2  1-0

[Event "TCh-MNE Premier"]
[Site "Herceg Novi MNE"]
[Date "2008.08.27"]
[Round "3"]
[White "Miljanic,B"]
[Black "Djukic,Ni"]
[Result "1/2-1/2"]
[WhiteElo "2403"]
[BlackElo "2545"]

1.e4 c5 2.Nf3 Nc6 3.Bb5 g6 4.c3 Nf6 5.e5 Nd5 6.d4 cxd4 7.Qb3 Nc7 8.Bc4 Ne6
9.cxd4 Na5 10.Qc3 Nxc4 11.Qxc4 Qc7 12.Qc3  1/2-1/2

[Event "44th Rubinstein Mem Open A"]
[Site "Polanica Zdroj POL"]
[Date "2008.08.27"]
[Round "9"]
[White "Zakoscielna,K"]
[Black "Mondrzycki,B"]
[Result "0-1"]
[WhiteElo "2125"]
[BlackElo "2012"]

1.e4 c5 2.Nf3 Nc6 3.Bb5 g6 4.Bxc6 dxc6 5.h3 Bg7 6.d3 Nf6 7.Nc3 O-O 8.Be3 b6
9.Qd2 Re8 10.g4 e5 11.g5 Nh5 12.Ne2 f5 13.gxf6 Qxf6 14.Nfg1 Nf4 15.O-O-O Be6
16.Kb1 Rf8 17.c3 Rad8 18.Bxf4 exf4 19.Nf3 h6 20.Qc2 Rd7 21.d4 cxd4 22.cxd4 Qf7
23.Nc3 Rfd8 24.Qa4 b5 25.Qb4 Bf8 26.Qa5 Bg7 27.Ne2 Bc4 28.Rhe1 Bxe2 29.Rxe2 Qc4
30.Rc2 Qe6 31.e5 Qxh3 32.Qa3 Qe6 33.Rdc1 Rc8 34.Qa6 Rdc7 35.Ka1 Qd5 36.Qa3 Kh7
37.Qd3 c5 38.Nh4 Rc6 39.Rxc5 Rxc5 40.Qxg6+ Kh8 41.dxc5 Qxe5 42.Qc2 Qf6 43.Ng6+ Kg8
44.c6 Kf7 45.Rg1 Rxc6 46.Qb3+ Re6 47.a3 Qxb2+ 48.Qxb2 Bxb2+ 49.Kxb2 Rxg6
50.Rc1 Rg2 51.Rc7+ Kf6 52.Rxa7 Rxf2+ 53.Kc3 Kf5 54.Ra5 Kg4 55.Rxb5 Rf3+ 56.Kd2 Rxa3
57.Ke2 Ra2+ 58.Kf1 Kg3 59.Rb1 f3 60.Kg1 f2+ 61.Kh1 Kf3 62.Rb3+ Ke2 63.Rb1 Rd2
64.Kg2 h5 65.Rf1 Ke3 66.Rh1 Rd5 67.Rf1 Rg5+ 68.Kh2 Ke2 69.Ra1 f1=Q 70.Ra2+ Ke3
71.Ra3+  0-1

[Event "44th Rubinstein Mem Open A"]
[Site "Polanica Zdroj POL"]
[Date "2008.08.27"]
[Round "9"]
[White "Szczepkowska Horowska,K"]
[Black "Toma,K"]
[Result "1/2-1/2"]
[WhiteElo "2285"]
[BlackElo "2212"]

1.e4 c5 2.Nf3 Nc6 3.Bb5 e6 4.O-O Nge7 5.c3 a6 6.Ba4 b5 7.Bc2 Bb7 8.Re1 Ng6
9.d4 cxd4 10.cxd4 Bb4 11.Nbd2 O-O 12.a3 Be7 13.Nb3 Rc8 14.Bd2 Qc7 15.Rc1 Qb8
16.Bc3 b4 17.axb4 Nxb4 18.Bb1 Bc6 19.Qd2 Qb6 20.Nc5  1/2-1/2

[Event "1st Dragon Capital Vietnam Open"]
[Site "Vung Tau VIE"]
[Date "2008.08.27"]
[Round "1"]
[White "Pham Thi Ngoc Tu"]
[Black "Nguyen Van Huy"]
[Result "0-1"]
[WhiteElo "2065"]
[BlackElo "2386"]

1.e4 c5 2.Nf3 Nc6 3.Bb5 g6 4.c3 Nf6 5.Qe2 Bg7 6.O-O O-O 7.d4 d5 8.e5 Ne4
9.Be3 cxd4 10.cxd4 f5 11.exf6 exf6 12.Nc3 Nxc3 13.bxc3 Na5 14.Nd2 Bf5 15.c4 Rc8
16.Rac1 Kh8 17.c5 a6 18.Bd3 Bxd3 19.Qxd3 Qd7 20.Qa3 Nc6 21.f4 Qf5 22.Qb3 Rfe8
23.Rfe1 Re7 24.Qb1 Qxb1 25.Rxb1 Rce8 26.Kf2 h5 27.g3 Bh6 28.h4 Kg7 29.a3 Kf7
30.a4 Rd7 31.Rb3 Na5 32.Rc3 Re6 33.Rb1 Rde7 34.Rb2 Ke8 35.Rb1 Kd8 36.Rb2 Ke8
37.Rb1 Kd8 38.Rb2 Kc8 39.Rb1 Nc6 40.Nf3 Re8 41.Rb2 R8e7 42.Rb1 Rd7 43.Rb2 Ne7
44.Rbc2 Rc6 45.Bc1 Nf5 46.Bb2 Re7 47.Bc1 Bf8 48.Ba3 Re4 49.Rd3 Be7 50.Bb2 Bd8
51.Nd2 Re8 52.Nf3 Ba5 53.Bc3 Bc7 54.Bb2 Rce6 55.Bc1 R8e7 56.Rb3 Ba5 57.Rd3 Kd7
58.Rb3 Kc6 59.Ra2 Re4 60.Rd3 Nh6 61.Nh2 Be1+ 62.Kf3 Nf5 63.Bb2 Re2  0-1

[Event "16th Nikea Open"]
[Site "Athens GRE"]
[Date "2008.08.28"]
[Round "4"]
[White "Goumas,I"]
[Black "Kalogiannidis,I"]
[Result "1/2-1/2"]
[WhiteElo "2219"]
[BlackElo "1999"]

1.e4 c5 2.Nf3 Nc6 3.Bb5 e6 4.O-O Nge7 5.Re1 a6 6.Bxc6 Nxc6 7.c3 Be7 8.d4 d5
9.e5 b5 10.dxc5 Bxc5 11.Be3 Qb6 12.Bxc5 Qxc5 13.Nd4 O-O 14.Nxc6 Qxc6 15.Qd4 a5
16.Nd2 Ba6 17.Re3 Rfc8 18.Rae1 Qc5 19.Qh4 b4 20.Rh3 h6 21.Rg3 Kh8 22.Ree3 bxc3
23.bxc3 Qb4 24.Qxb4 axb4 25.h3 Bc4 26.Nxc4 dxc4 27.Re2  1/2-1/2

[Event "2nd Open"]
[Site "Urumia IRI"]
[Date "2008.08.28"]
[Round "5"]
[White "Mousavi,Se"]
[Black "Rzayev,B"]
[Result "0-1"]
[WhiteElo "2065"]
[BlackElo "2245"]

1.e4 c5 2.Nf3 Nc6 3.Bb5 g6 4.O-O Bg7 5.c3 e5 6.Re1 Nge7 7.Bf1 O-O 8.Na3 h6
9.Nc2 Qb6 10.Rb1 d5 11.d3 Be6 12.a3 Rad8 13.Qe2 f5 14.exd5 Nxd5 15.Ra1 Bf7
16.c4 Nc7 17.Rb1 a5 18.Bd2 a4 19.Na1 g5 20.h3 Bh5 21.Qe3 f4 22.Qe4 Nd4 23.Nxe5 Bxe5
24.Qxe5 Rde8  0-1

[Event "16th Nikea Open"]
[Site "Athens GRE"]
[Date "2008.08.29"]
[Round "5"]
[White "Westerinen,H"]
[Black "Sergeev,A KAZ"]
[Result "1/2-1/2"]
[WhiteElo "2376"]
[BlackElo "2354"]

1.e4 c5 2.Nf3 Nc6 3.Bb5 Nf6 4.e5 Nd5 5.O-O Qc7 6.Re1 e6 7.Nc3 Nxc3 8.dxc3 a6
9.Bf1 d5 10.Bf4 h6 11.h4 Bd7 12.a3 Ne7 13.c4 dxc4 14.Bxc4 Bb5 15.Nd2 Nf5
16.Bxb5+ axb5 17.Ne4 Qc6 18.Qh5 Be7 19.Nd6+ Bxd6 20.exd6 O-O 21.Rad1 Ra4
22.g3 Rd8 23.c3 Re4 24.Re2 Rd7 25.Kh2 Kf8 26.Qf3 Rxe2 27.Qxe2 c4 28.Qe5 b6
29.Rd2 h5 30.Qe2 Nxd6 31.Qxh5 Ne8 32.Rxd7 Qxd7 33.Be3 Qc6 34.Qe5 Nc7 35.h5 f6
36.Qd4 Nd5 37.Qe4 Qe8 38.g4 Kg8 39.Kg2 Qc6 40.Kg1 Qd7 41.Kg2 Qf7 42.Bd4 f5
43.gxf5 exf5 44.Qe5 Kh7 45.Qd6 g6 46.Kg3 gxh5 47.Kh4 Qg6 48.Qg3 Qh6 49.Qg5 Qxg5+
50.Kxg5 h4 51.Kxf5 h3 52.Be5 Kh6 53.Kg4 Kg6 54.Kxh3 Kf5 55.Bd4 Nf4+ 56.Kg3 Nd3
57.Bxb6 Nxb2 58.Kf3 Nd3 59.Ke3 Ne1 60.Kd4 Nc2+ 61.Kc5 Nxa3 62.Kb4 Nb1 63.Bd4 Ke4
64.Kxb5 Kd3 65.Kb4 Nd2 66.f4 Nf3 67.Be5 Nh4 68.Kc5 Ng6 69.Kb4 Ne7 70.Kc5 Ng6
71.Kd5 Nxf4+  1/2-1/2

[Event "XLII Open"]
[Site "Mislata ESP"]
[Date "2008.08.29"]
[Round "7"]
[White "Gongora Reyes,M"]
[Black "Gomez Jurado,L"]
[Result "1/2-1/2"]
[WhiteElo "2436"]
[BlackElo "2299"]

1.e4 c5 2.Nf3 Nc6 3.Bb5 e6 4.O-O Nge7 5.c3 a6 6.Be2 d5 7.exd5 Nxd5 8.d4 cxd4
9.Nxd4 Bd6 10.Nxc6 bxc6 11.Bf3 Qc7 12.g3 O-O 13.Nd2 Bb7 14.Qe2 c5 15.Nc4 Be7
16.Qe5 Qxe5 17.Nxe5 f6 18.Nc4 Rab8 19.Re1 Kf7 20.Bg4 Bc8 21.Bd2 Rd8 22.Re2 e5
23.Bxc8 Rdxc8 24.Rae1 Nb6 25.Nxb6 Rxb6 26.b3 c4 27.b4 Rd6 28.Rb1 f5 29.f3 Rd3
30.Kf2 Bf6 31.Be1 e4 32.fxe4 fxe4 33.Rxe4 Bxc3 34.Bxc3 Rxc3 35.Re3 Rc2+ 36.Re2 Rc3
37.Re3 Rc2+ 38.Re2 Rc3 39.Rd1 Rc7 40.Rd6 Rc1 41.Re1 Rc2+ 42.Re2 Rc1 43.Re1 Rc2+  1/2-1/2

[Event "2nd Euwe Stimulans"]
[Site "Sao Paulo BRA"]
[Date "2008.08.29"]
[Round "7"]
[White "Van der Wiel,J"]
[Black "Lujan,C"]
[Result "1/2-1/2"]
[WhiteElo "2504"]
[BlackElo "2361"]

1.e4 c5 2.Nf3 Nc6 3.Bb5 e6 4.Bxc6 bxc6 5.b3 Ne7 6.e5 Ng6 7.h4 h5 8.Bb2 f6
9.Qe2 Be7 10.Nc3 Qc7 11.Na4 Kf7 12.O-O-O fxe5 13.Ng5+ Ke8 14.Qf3 Bxg5 15.hxg5 d6
16.Qe4 Nf8 17.Rh3 Rb8 18.Rdh1 c4 19.Qxc4 c5 20.Qe2 Bb7 21.Rxh5  1/2-1/2

[Event "1st Dragon Capital Vietnam Open"]
[Site "Vung Tau VIE"]
[Date "2008.08.29"]
[Round "4"]
[White "Dzhumaev,M"]
[Black "Dang Bich Ngoc"]
[Result "1/2-1/2"]
[WhiteElo "2549"]
[BlackElo "2194"]

1.e4 c5 2.Nf3 Nc6 3.Bb5 g6 4.O-O Bg7 5.Re1 Nf6 6.Nc3 a6 7.Bxc6 dxc6 8.d3 Bg4
9.e5 Nd5 10.h3 Bxf3 11.Qxf3 Nc7 12.Ne4 Ne6 13.Be3 Bxe5 14.Nxc5 Nxc5 15.Bxc5 Bd6
16.Qe3 O-O 17.Bd4 Qd7 18.Bc3 Rfe8 19.Re2 e5 20.Rae1 Re6 21.f4 Rae8 22.Kf1 exf4
23.Qd4 f6 24.Re4 Rxe4 25.Rxe4 Rxe4 26.dxe4 Qe7 27.Qxf6 Qxf6 28.Bxf6 Kf7 29.Bg5 Kg7
30.Ke2 h6 31.Bd8 g5 32.Kd3 Be5 33.Kc4 Kf7 34.Kc5 Ke8 35.Ba5 Kd7 36.b3 h5
37.Be1 Bc7 38.c4 Ke6 39.Kd4 Bb6+ 40.Kd3 g4 41.hxg4 hxg4 42.Bd2 f3 43.gxf3 gxf3
44.Bf4 Bc5 45.Bg3 Kf6 46.Bf4 Bd4 47.b4 Be5 48.Bd2 f2 49.Ke2 Bd4 50.Bf4 b5
51.cxb5 cxb5 52.Bd6 Ke6 53.Bg3 Bc3 54.Bxf2 Bxb4 55.Kd3  1/2-1/2

[Event "16th Nikea Open"]
[Site "Athens GRE"]
[Date "2008.08.30"]
[Round "7"]
[White "Westerinen,H"]
[Black "Klokas,K"]
[Result "1/2-1/2"]
[WhiteElo "2376"]
[BlackElo "2167"]

1.e4 c5 2.Nf3 Nc6 3.Bb5 Nf6 4.Nc3 g6 5.e5 Ng4 6.Bxc6 dxc6 7.h3 Nh6 8.g4 f5
9.exf6 exf6 10.d4 cxd4 11.Qxd4 Qxd4 12.Nxd4 Bg7 13.Be3 O-O 14.O-O-O f5 15.g5 Nf7
16.f4 Re8 17.Rhe1 Bf8 18.Bf2 Rxe1 19.Rxe1 Bd7 20.Nf3 Bd6 21.Bg3 h6 22.Rd1 Be6
23.gxh6 Bc7 24.Nd4 Bc4 25.b3 Ba6 26.Ne6 Ba5 27.Na4 Re8 28.Nac5 Nxh6 29.Ng5 Re3
30.Bf2 Re2 31.Bd4 Nf7 32.Nxf7 Kxf7 33.Nxa6 bxa6 34.Bxa7 Bc3 35.Bd4 Be1 36.Rd3 Re4
37.Kd1 Ba5 38.Bc3 Bxc3 39.Rxc3 Rxf4 40.Rxc6 Rh4 41.Rc3 g5 42.Ke2 Ke6 43.Kf2 Kd5
44.Rg3 Ke4 45.Re3+ Kf4 46.Rc3 Rh6 47.Rc4+ Ke5 48.Kg3 Rd6 49.Kf3 Rh6 50.Rc5+ Kd4
51.Rxf5 Rxh3+ 52.Kg4 Rh2 53.Ra5 Rxc2 54.Rxa6 Rg2+ 55.Kf3 Rb2 56.Ra5 Kd3 57.Ra4 Kc3
58.Kg4 Rg2+ 59.Kf5 g4 60.Rc4+ Kd3 61.Rxg4 Rxa2 62.Ke5 Ra5+ 63.Kd6 Rb5 64.b4 Kc3
65.Kc6 Rxb4  1/2-1/2

[Event "TCh-MNE Premier"]
[Site "Herceg Novi MNE"]
[Date "2008.08.30"]
[Round "6"]
[White "Miljanic,B"]
[Black "Pavlovic,Dej"]
[Result "1/2-1/2"]
[WhiteElo "2403"]
[BlackElo "2385"]

1.e4 c5 2.Nf3 Nc6 3.Bb5 g6 4.Bxc6 dxc6 5.d3 Bg7 6.h3 b6 7.Nc3 e5 8.Be3 Ne7
9.Qd2 h6 10.Ne2 a5 11.a3 Qd6 12.O-O f5 13.Qc3 Rg8 14.b4 axb4 15.axb4 cxb4
16.Qc4 Rxa1 17.Rxa1 Be6 18.Qa6 c5 19.Qb5+ Bd7 20.Qc4 Be6 21.Qb5+ Bd7 22.Qc4 Be6  1/2-1/2

[Event "Okie Challengers"]
[Site "Tulsa USA"]
[Date "2008.08.30"]
[Round "1"]
[White "Lopez,Ne"]
[Black "Orton,W"]
[Result "1-0"]
[WhiteElo "2124"]
[BlackElo "2166"]

1.e4 c5 2.Nf3 Nc6 3.Bb5 e6 4.O-O Nge7 5.b3 a6 6.Bxc6 Nxc6 7.Bb2 f6 8.Nh4 Qe7
9.f4 Qf7 10.Na3 b5 11.c4 b4 12.Nc2 Bb7 13.Qe2 Be7 14.Nf3 O-O 15.Rad1 Qe8
16.d4 cxd4 17.Ncxd4 Bc5 18.Kh1 Nxd4 19.Bxd4 d6 20.e5 Bxd4 21.Rxd4 fxe5 22.fxe5 d5
23.c5 a5 24.Rc1 Ba6 25.Qe3 Rc8 26.Rg4 Qe7 27.h3 Rc7 28.a3 Rfc8 29.axb4 axb4
30.Nd4 Kh8 31.Kh2 Rb8 32.Ra1 Bc8 33.c6 g6 34.Rf1 Ba6 35.Rf6 Bc8 36.Rgxg6  1-0

[Event "Liga Nacional Ajedrez"]
[Site "Villa Martelli ARG"]
[Date "2008.08.30"]
[Round "4"]
[White "Valerga,D"]
[Black "Real de Azua,E"]
[Result "1/2-1/2"]
[WhiteElo "2502"]
[BlackElo "2429"]

1.e4 c5 2.Nf3 Nc6 3.Bb5 g6 4.Bxc6 dxc6 5.d3 Bg7 6.h3 Nf6 7.Nc3 O-O 8.Be3 b6
9.Qd2 e5 10.Bh6 Qd6 11.Bxg7 Kxg7 12.Nh2 Be6 13.Ng4 Ng8 14.Ne2 f6 15.O-O Rad8
16.b3 Qe7 17.Ne3 Nh6 18.Qc3 Nf7 19.a4 a5 20.Nc4 Rb8 21.f4 Bxc4 22.bxc4 exf4
23.Nxf4 Rfe8 24.Rab1 Qe5 25.Qd2 Qd4+ 26.Rf2 Ne5 27.Rf1 Nd7 28.Kh1 Qd6 29.Ne2 Rxe4
30.Nc3 Re6 31.Ne4 Qe7 32.Qc3 Rf8 33.g4 Kg8 34.Qd2 Re5 35.Ng3 Re8 36.Ne4 Rf8
37.Ng3 Re6 38.Ne4  1/2-1/2

[Event "X Open"]
[Site "San Marti ESP"]
[Date "2008.09.01"]
[Round "1"]
[White "Colon Garcia,E"]
[Black "Beltran Lopez,F"]
[Result "1-0"]
[WhiteElo "2118"]
[BlackElo "1948"]

1.e4 c5 2.Nf3 Nc6 3.Bb5 e6 4.Bxc6 bxc6 5.d3 f6 6.e5 fxe5 7.Nxe5 Qf6 8.Qh5+ g6
9.Qe2 Bg7 10.Nc4 Bf8 11.Bd2 d5 12.Bc3 d4 13.Ba5 Nh6 14.Nbd2 Nf7 15.Ne4 Qe7
16.Qf3 Qb7 17.Qf6 Qe7 18.Ned6+ Nxd6 19.Nxd6+ Qxd6 20.Qxh8 Qe7 21.O-O Qg7
22.Qxg7 Bxg7 23.Rae1 Kd7 24.Re4 Bh6 25.Rh4 Bg5 26.Rxh7+ Be7 27.Bd2  1-0

[Event "17th CRO-chT 1a"]
[Site "Sibenik CRO"]
[Date "2008.09.01"]
[Round "5"]
[White "Segovic,G"]
[Black "Doric,D"]
[Result "0-1"]
[WhiteElo "2177"]
[BlackElo "2492"]

1.e4 c5 2.Nf3 Nc6 3.Bb5 d6 4.O-O Bd7 5.d4 cxd4 6.Nxd4 g6 7.c4 Bg7 8.Be3 Nf6
9.f3 O-O 10.Nc3 a6 11.Bxc6 bxc6 12.Qd2 c5 13.Nde2 Be6 14.b3 Nd7 15.Bh6 Ne5
16.Bxg7 Kxg7 17.Nf4 Nc6 18.Rad1 Bc8 19.Rfe1 Bb7 20.Nfd5 Nd4 21.Ne2 e5 22.Nxd4 cxd4
23.Qb4 Bxd5 24.exd5 a5 25.Qd2 Qb6 26.Rb1 Qc5 27.Qd3 f5 28.Red1 Rfe8 29.Rb2 Kg8
30.h3 Rab8 31.a4 Rb4 32.Rdb1 Qb6 33.Rd2 Rb8 34.Rdb2 Qa7 35.Re2 Rc8 36.Kh2 Qg7
37.Rbe1 Qb7 38.Rb1 Rcxc4 39.bxc4 Rxb1 40.c5 Rb3 41.Qc4 Rc3  0-1

[Event "Okie Challengers"]
[Site "Tulsa USA"]
[Date "2008.09.01"]
[Round "6"]
[White "Niggel,C"]
[Black "Orton,W"]
[Result "1-0"]
[WhiteElo "2129"]
[BlackElo "2166"]

1.e4 c5 2.Nf3 Nc6 3.Bb5 Na5 4.c3 Nf6 5.e5 Nd5 6.O-O Nc7 7.Ba4 b5 8.Bc2 d5
9.d4 Nb7 10.h3 g6 11.Be3 e6 12.Re1 Bd7 13.Nbd2 b4 14.c4 Na5 15.dxc5 Nxc4
16.Nxc4 dxc4 17.Be4 Nd5 18.Bxd5 exd5 19.Qxd5 Be6 20.Qc6+ Bd7 21.Qa6 Be6 22.Ng5 Qc8
23.Qb5+ Qd7 24.c6 Qc7 25.Nxe6 fxe6 26.Qxc4 Kf7 27.Qf4+ Ke8 28.Qf6  1-0

[Event "SuperLiga-ROM"]
[Site "Eforie Nord ROM"]
[Date "2008.09.02"]
[Round "2"]
[White "Vajda,Al1"]
[Black "Grigore,Ge"]
[Result "0-1"]
[WhiteElo "2463"]
[BlackElo "2517"]

1.e4 c5 2.Nf3 Nc6 3.Bb5 g6 4.Bxc6 bxc6 5.O-O Bg7 6.Re1 Nh6 7.c3 O-O 8.h3 f6
9.d4 cxd4 10.cxd4 d6 11.Bd2 Nf7 12.Nc3 Qb6 13.Rb1 Bd7 14.b4 Rfb8 15.a4 Rb7
16.Qe2 Rab8 17.d5 c5 18.Be3 Qc7 19.bxc5 Rxb1 20.Rxb1 Rxb1+ 21.Nxb1 dxc5 22.Qc2 Nd6
23.Nfd2 a6 24.Nc4 Qb7 25.Ncd2 Qb4 26.Bxc5 Qxa4 27.Qc1 f5 28.exf5 Bxf5 29.Na3 Bf6
30.Bxd6 exd6 31.Ndc4 Be7 32.Kh2 Qb3 33.Qe1 Kf7 34.g4 Bd7 35.Qe4 Qc3 36.Nc2 Qf6
37.Kg2 Bb5 38.N2e3 Bf8 39.Nd2 Qe7 40.Qf4+ Qf6 41.Qb4 Kg8 42.Nf3 Bh6 43.Qe4 Bd7
44.Kg3 a5 45.Nc4 a4 46.h4 Bg7 47.Nb6 Qd8 48.Nc4 Qe8 49.Qf4 Qf8 50.Qe3 h6
51.Nfd2 Kh8 52.Ne4 Qf7 53.Qd2 Bxg4 54.f4 Bd7 55.Ncxd6 Qf8 56.Qa5 Qb8 57.Nf7+ Kg8
58.Nxh6+ Bxh6  0-1

[Event "SuperLiga-ROM"]
[Site "Eforie Nord ROM"]
[Date "2008.09.02"]
[Round "2"]
[White "Sanduleac,V"]
[Black "Kotronias,V"]
[Result "0-1"]
[WhiteElo "2466"]
[BlackElo "2574"]

1.e4 c5 2.Nf3 Nc6 3.Bb5 g6 4.Bxc6 dxc6 5.d3 Bg7 6.h3 b6 7.O-O Nh6 8.Nc3 O-O
9.Be3 f6 10.a4 Nf7 11.a5 Rb8 12.axb6 axb6 13.Nh2 f5 14.exf5 gxf5 15.f4 Be6
16.Nf3 c4 17.d4 Bd5 18.Ne5 Qc7 19.Nxd5 cxd5 20.Nxf7 Rxf7 21.Qf3 Qc6 22.Kh2 Rf6
23.Rg1 Rg6 24.c3 Rf8 25.Rae1 Re6 26.Bd2 b5 27.Rxe6 Qxe6 28.Re1 Qd6 29.Qe3 Bf6
30.Re2 Ra8 31.Qf3 Ra2 32.Be1 Kf8 33.Bg3 e6 34.Qh5 Qe7 35.Be1 Qf7 36.Qh6+ Qg7
37.Qh5 Qf7 38.Qh6+ Qg7 39.Qh5 Qg6 40.Qf3 Be7 41.Qf2 Bd6 42.g3 Ra1 43.Qe3 Ke7
44.Bf2 Rb1 45.Qd2 Ra1 46.Qc2 Kd7 47.Re1 Rxe1 48.Bxe1 Qh5 49.Kg2 Kc6 50.Bf2 Qf7
51.b4 cxb3 52.Qxb3 Qa7 53.Qc2 Qa1 54.Qd3 Qc1 55.Be3 Qe1 56.g4 Be7 57.Qd2 Bh4
58.Qxe1 Bxe1 59.Kf1 Bxc3 60.Ke2 fxg4 61.hxg4 b4 62.Kd3 Kb5 63.f5 exf5 64.gxf5 Kc6
65.Bf2  0-1

[Event "7th Open"]
[Site "Izmir TUR"]
[Date "2008.09.03"]
[Round "6"]
[White "Klinova,M"]
[Black "Akcan,U"]
[Result "1-0"]
[WhiteElo "2290"]
[BlackElo "2153"]

1.e4 c5 2.Nf3 Nc6 3.Bb5 g6 4.Bxc6 dxc6 5.Nc3 Bg7 6.d3 Nf6 7.O-O O-O 8.Be3 b6
9.h3 e5 10.a4 a5 11.Nh2 Ra7 12.Qd2 Be6 13.b3 Rd7 14.Bh6 Nh5 15.Bxg7 Kxg7
16.Ne2 f5 17.exf5 Rxf5 18.Qe3 Qg5 19.Qxg5 Rxg5 20.g4 Nf4 21.Nxf4 exf4 22.Rfe1 Rd6
23.Re4 Rgd5 24.Rae1 Bf7 25.Rxf4 Rd4 26.Rxd4 cxd4 27.Nf3 h6 28.Kg2 Bd5 29.Kg3 Rf6
30.Nxd4 c5 31.c4 Ba8 32.Re8 Rd6 33.Nb5 Rxd3+ 34.Re3 Rd1 35.Nc7 Bb7 36.h4 g5
37.hxg5 hxg5 38.f3 Rg1+ 39.Kf2 Rb1 40.Ne8+ Kg6 41.Nd6 Ba6 42.Re6+ Kh7 43.Re7+ Kg6
44.Ra7 Rxb3 45.Rxa6 Rb4 46.Ke3 Kf6 47.Nc8 Ke5 48.Nxb6 Rb3+ 49.Kf2 Kd4 50.Nd7 Rb7
51.Nxc5  1-0

[Event "17th CRO-chT 1w"]
[Site "Sibenik CRO"]
[Date "2008.09.03"]
[Round "7"]
[White "Boric,E"]
[Black "Madl,I"]
[Result "1/2-1/2"]
[WhiteElo "2292"]
[BlackElo "2387"]

1.e4 c5 2.Nf3 Nc6 3.Bb5 d6 4.d4 cxd4 5.Qxd4 Bd7 6.Bxc6 Bxc6 7.Nc3 Nf6 8.Bg5 e6
9.O-O-O Be7 10.Rhe1 O-O 11.Kb1 Qc7 12.Qd2 Rfc8 13.Nd4 b5 14.Ndxb5 Bxb5 15.Nxb5 Qc5
16.Nxd6 Bxd6 17.Bxf6 gxf6 18.Qxd6 Qxc2+ 19.Ka1  1/2-1/2

[Event "17th CRO-chT 1b"]
[Site "Sibenik CRO"]
[Date "2008.09.03"]
[Round "7"]
[White "Sax,G"]
[Black "Miladinovic,I"]
[Result "1/2-1/2"]
[WhiteElo "2506"]
[BlackElo "2571"]

1.e4 c5 2.Nf3 Nc6 3.Bb5 e6 4.O-O Qc7 5.Re1 Nd4 6.Nxd4 cxd4 7.c3 Bc5 8.b4 Bd6
9.h3 dxc3 10.Nxc3 Ne7 11.a3 Bh2+ 12.Kh1 Be5 13.Bb2 Qd6 14.d4 Qxd4 15.Qe2 Qd6
16.Rad1 Qb8 17.Nd5 Ng6 18.f4 Bxb2 19.Qxb2 O-O 20.f5 exd5 21.fxg6 hxg6 22.Rxd5 Qg3
23.Qc1 d6 24.Qe3 Qxe3 25.Rxe3 a6 26.Be2 Be6 27.Rxd6 Rac8 28.Bf3 Rc7 29.e5  1/2-1/2

[Event "SuperLiga-ROM"]
[Site "Eforie Nord ROM"]
[Date "2008.09.05"]
[Round "5"]
[White "Ardeleanu,A"]
[Black "Kotronias,V"]
[Result "0-1"]
[WhiteElo "2407"]
[BlackElo "2574"]

1.e4 c5 2.Nf3 Nc6 3.Bb5 g6 4.O-O Bg7 5.c3 Nf6 6.e5 Nd5 7.d4 Nc7 8.Ba4 cxd4
9.cxd4 O-O 10.Nc3 d6 11.Bxc6 bxc6 12.Bf4 Bg4 13.h3 Bxf3 14.Qxf3 Ne6 15.Rad1 Nxf4
16.Qxf4 dxe5 17.dxe5 Qb8 18.Rfe1 Qxb2 19.Qc4 Rad8 20.Rxd8 Rxd8 21.Qxc6 Bxe5
22.Nd5 e6 23.Ne3 Qxa2 24.Ng4 Bg7 25.Qc7 Qd2 26.Rb1 h5 27.Ne5 Bxe5 28.Qxe5 a5
29.Qc7 h4 30.Ra1 Rd5 31.Rb1 Kg7 32.Qa7 Qd4 33.Qe7 Rf5 34.Rf1 Qb4  0-1

[Event "TCh-SRB 1st League"]
[Site "Subotica SRB"]
[Date "2008.09.05"]
[Round "5"]
[White "Ivanovic,B"]
[Black "Vuckovic,Bo"]
[Result "0-1"]
[WhiteElo "2436"]
[BlackElo "2563"]

1.e4 c5 2.Nf3 Nc6 3.Bb5 g6 4.Bxc6 dxc6 5.d3 Bg7 6.Nc3 Bg4 7.h3 Bxf3 8.Qxf3 Nf6
9.O-O Nd7 10.Qg3 O-O 11.Bd2 e5 12.Kh1 Re8 13.f4 exf4 14.Bxf4 Nf8 15.Bg5 f6
16.Bd2 c4 17.Rad1 cxd3 18.Be3 Qe7 19.cxd3 Nd7 20.d4 Nb6 21.Bg1 Nc4 22.b3 Nd6
23.Rfe1 a6 24.Bf2 f5 25.e5 Nb5 26.Na4 Nc7 27.Nb6 Rad8 28.Be3 Ne6 29.d5 cxd5
30.Nxd5 Qf7 31.Bb6 Rd7 32.Qc3 Ng5 33.Qc4 Ne4 34.e6 Qxe6 35.Rxe4 fxe4 36.Nf6+ Bxf6
37.Qxe6+ Rxe6  0-1